[Event "30th WCh U20 Girls"]
[Site "Athens GRE"]
[Date "2012.08.13"]
[Round "11"]
[White "Aulia, Medina Warda"]
[Black "Abdumalik, Zhansaya"]
[Result "1-0"]
[WhiteElo "2218"]
[BlackElo "2193"]
[EventDate "2012.08.02"]
[PlyCount "79"]

1.e4 c5 2.Nf3 e6 3.d4 cxd4 4.Nxd4 a6 5.c4 Nf6 6.Nc3 Qc7 7.Be2 Bb4 8.O-O 
Bxc3 9.bxc3 Nxe4 10.Bf3 Nc5 11.Nb3 O-O 12.Nxc5 Qxc5 13.Qb3 d6 14.Ba3 Qc7 
15.Rfd1 Rd8 16.Rab1 Nc6 17.Qb6 Qxb6 18.Rxb6 d5 19.h4 Bd7 20.cxd5 Ne5 21.
Be7 Ba4 22.Rd4 Rd7 23.Rxa4 Nxf3+ 24.gxf3 Rxe7 25.d6 Rd7 26.Rc4 e5 27.Rc7 
Rad8 28.c4 g5 29.c5 Kg7 30.Rbxb7 Rxc7 31.Rxc7 gxh4 32.d7 Kf6 33.c6 Rg8+ 
34.Kh2 Ke7 35.Rc8 Rd8 36.Kh3 f6 37.Kxh4 h5 38.Kxh5 Rxd7 39.cxd7 Kxd7 40.
Ra8 1-0

[Event "30th WCh U20 Girls"]
[Site "Athens GRE"]
[Date "2012.08.13"]
[Round "11"]
[White "Orozco Lopez, Lina Yomayra"]
[Black "Kulon, Klaudia"]
[Result "0-1"]
[WhiteElo "2150"]
[BlackElo "2259"]
[EventDate "2012.08.02"]
[PlyCount "90"]

1.e4 c5 2.Nf3 Nc6 3.d4 cxd4 4.Nxd4 Nf6 5.Nc3 d6 6.Nde2 g6 7.g3 Bg7 8.Bg2 
O-O 9.O-O Rb8 10.a4 a6 11.Nd5 b5 12.axb5 axb5 13.c3 Nd7 14.Nd4 Nde5 15.Bg5
Re8 16.f4 Nxd4 17.cxd4 Bg4 18.Qd2 Nc4 19.Qf2 h6 20.Bh4 Be6 21.Nb4 Bd7 22.
b3 Na5 23.Ra3 Nc6 24.Nxc6 Bxc6 25.Kh1 b4 26.Ra7 Kf8 27.d5 Bb5 28.Rc1 Rc8 
29.Rd1 Rc7 30.e5 Qb8 31.Rxc7 Qxc7 32.e6 fxe6 33.dxe6 Rc8 34.g4 Qc5 35.Qe1 
Qc2 36.Bd5 Bc6 37.Qd2 Qxb3 38.Bxc6 Rxc6 39.Kg1 Qf3 40.g5 h5 41.Bg3 b3 42.
Rf1 Qxf1+ 43.Kxf1 b2 44.Qa5 b1=Q+ 45.Be1 Rc8 0-1

[Event "30th WCh U20 Girls"]
[Site "Athens GRE"]
[Date "2012.08.13"]
[Round "11"]
[White "Varga, Klara"]
[Black "Petrova, Irina"]
[Result "1-0"]
[WhiteElo "2181"]
[BlackElo "2173"]
[EventDate "2012.08.02"]
[PlyCount "119"]

1.e4 e6 2.d4 d5 3.Nc3 Bb4 4.e5 c5 5.Bd2 Ne7 6.Nb5 Bxd2+ 7.Qxd2 O-O 8.f4 
cxd4 9.Nf3 Nbc6 10.Nbxd4 f6 11.exf6 Rxf6 12.Bd3 Nxd4 13.Nxd4 Nc6 14.Nf3 
Qd6 15.O-O Bd7 16.Ng5 h6 17.Bh7+ Kh8 18.Ne4 Qf8 19.Nxf6 Qxf6 20.Bd3 Qxb2 
21.Rab1 Qd4+ 22.Kh1 b6 23.c3 Qf6 24.Rf3 Rc8 25.Bb5 Nb8 26.f5 exf5 27.Qxd5 
Rc5 28.Qd3 Bc8 29.Re1 Bb7 30.Re8+ Kh7 31.Rxb8 Bxf3 32.gxf3 Rxc3 33.Qf1 Rc2
34.Re8 Qb2 35.Bc4 Rxh2+ 36.Kg1 Rh4 37.Bg8+ Kh8 38.Be6+ Kh7 39.Bg8+ Kh8 40.
Be6+ Kh7 41.Bxf5+ g6 42.Bh3 Qd4+ 43.Kg2 Qd2+ 44.Qe2 Qg5+ 45.Bg4 h5 46.Qb2 
Rxg4+ 47.fxg4 Qxg4+ 48.Kf1 Qh3+ 49.Qg2 Qf5+ 50.Ke1 Qb1+ 51.Kf2 Qxa2+ 52.
Re2 Qf7+ 53.Qf3 Qc7 54.Kg2 a5 55.Qf6 Qb7+ 56.Kg1 Qb8 57.Re7+ Kh6 58.Re5 
Kh7 59.Qf7+ Kh6 60.Qf4+ 1-0

[Event "30th WCh U20 Girls"]
[Site "Athens GRE"]
[Date "2012.08.13"]
[Round "11"]
[White "Ibrahimova, Sabina"]
[Black "Klek, Hanna-Marie"]
[Result "1-0"]
[WhiteElo "2091"]
[BlackElo "2248"]
[EventDate "2012.08.02"]
[PlyCount "51"]

1.e4 e5 2.Nf3 Nc6 3.d4 exd4 4.Nxd4 Bb4+ 5.c3 Bc5 6.Be3 Bb6 7.Bc4 Ne5 8.Be2
Nf6 9.Nd2 O-O 10.O-O h6 11.a4 c6 12.f4 Ng6 13.Bf3 Re8 14.a5 Bxa5 15.e5 Bc7
16.exf6 Rxe3 17.Nf5 Bxf4 18.Bh5 Re5 19.Bxg6 fxg6 20.Ne7+ Rxe7 21.fxe7 Be3+
22.Kh1 Qxe7 23.Re1 Qc5 24.Ne4 Qb6 25.Nd6 Qc5 26.Qd3 1-0

[Event "30th WCh U20 Girls"]
[Site "Athens GRE"]
[Date "2012.08.13"]
[Round "11"]
[White "Rodriguez Rueda, Paula Andrea"]
[Black "Furtado, Ivana Maria"]
[Result "1-0"]
[WhiteElo "2196"]
[BlackElo "2102"]
[EventDate "2012.08.02"]
[PlyCount "81"]

1.d4 Nf6 2.c4 e6 3.Nf3 d5 4.Nc3 Bb4 5.Bg5 Nbd7 6.e3 c5 7.Bd3 Qa5 8.O-O 
cxd4 9.exd4 dxc4 10.Bxc4 Bxc3 11.bxc3 Qxc3 12.Rc1 Qa3 13.d5 e5 14.Re1 O-O 
15.Nxe5 Nxe5 16.Rxe5 Qd6 17.Bf4 Ng4 18.Re4 Qg6 19.Re1 Bf5 20.d6 Rad8 21.
Re7 Nf6 22.Qb3 Ne8 23.Qxb7 Nxd6 24.Bxd6 Qxd6 25.Rxf7 Qd1+ 26.Rxd1 Rxd1+ 
27.Bf1 Rxf7 28.Qb8+ Bc8 29.Qxc8+ Rf8 30.Qb7 Rfd8 31.Qxa7 Re1 32.g3 Rdd1 
33.Qa6 Kf7 34.Kg2 Rc1 35.Bc4+ Ke7 36.a4 g5 37.Qb7+ Kd6 38.Qd5+ Kc7 39.Qc5+
Kd7 40.Bb5+ Ke6 41.Qxg5 1-0

[Event "30th WCh U20 Girls"]
[Site "Athens GRE"]
[Date "2012.08.13"]
[Round "11"]
[White "Osmak, Yulia"]
[Black "Khaled, Mouna"]
[Result "1-0"]
[WhiteElo "2171"]
[BlackElo "2121"]
[EventDate "2012.08.02"]
[PlyCount "65"]

1.b4 d5 2.Bb2 Nf6 3.e3 Bf5 4.Nf3 e6 5.b5 c5 6.c4 Nbd7 7.d3 Be7 8.Be2 h6 9.
O-O O-O 10.Nc3 Qc7 11.Qb3 dxc4 12.dxc4 e5 13.Nd2 e4 14.Nd5 Nxd5 15.cxd5 
Bf6 16.Nc4 Bxb2 17.d6 Qd8 18.Qxb2 Qg5 19.f4 exf3 20.Rxf3 Be6 21.Raf1 Bxc4 
22.Bxc4 Ne5 23.Rg3 Nxc4 24.Qc3 Qe5 25.Qxc4 Qxd6 26.Qg4 Qe5 27.Rf5 Qc3 28.
h4 Rad8 29.Kh2 b6 30.Qf4 Qe1 31.Rf6 Rd5 32.e4 Re8 33.Rxf7 1-0

[Event "30th WCh U20 Girls"]
[Site "Athens GRE"]
[Date "2012.08.13"]
[Round "11"]
[White "Nonkovic, Bogdana"]
[Black "Schut, Lisa"]
[Result "0-1"]
[WhiteElo "1950"]
[BlackElo "2305"]
[EventDate "2012.08.02"]
[PlyCount "76"]

1.Nf3 d5 2.d4 Nf6 3.c4 dxc4 4.g3 c5 5.Bg2 Nc6 6.Qa4 cxd4 7.Nxd4 Qxd4 8.
Bxc6+ Bd7 9.Bxd7+ Qxd7 10.Qxc4 Rc8 11.Qf4 g6 12.O-O Bg7 13.e4 O-O 14.Nc3 
b5 15.Rd1 Qb7 16.Be3 Rc4 17.Bd4 b4 18.Nd5 Nxd5 19.exd5 Rd8 20.Qe3 Bxd4 21.
Rxd4 Rxd4 22.Qxd4 Rxd5 23.Qf4 a5 24.Rc1 Kg7 25.h4 Qd7 26.Kg2 Rd2 27.Qe5+ 
f6 28.Qxa5 Qd4 29.Rf1 Rxb2 30.a3 b3 31.Qb4 Qd5+ 32.Kg1 Re2 33.a4 b2 34.a5 
Qc6 35.Kh2 Qe6 36.Kg2 h5 37.Kh2 Qa2 38.Kg2 b1=Q 0-1

[Event "30th WCh U20 Girls"]
[Site "Athens GRE"]
[Date "2012.08.13"]
[Round "11"]
[White "Anusca, Madalina-Maria"]
[Black "De Seroux, Camille"]
[Result "1/2-1/2"]
[WhiteElo "2079"]
[BlackElo "2101"]
[EventDate "2012.08.02"]
[PlyCount "85"]

1.c4 Nf6 2.g3 g6 3.Bg2 Bg7 4.Nc3 O-O 5.Nf3 d6 6.O-O e5 7.d3 Nc6 8.Rb1 a5 
9.a3 h6 10.b4 axb4 11.axb4 Be6 12.Ne1 Rb8 13.Nc2 Nd7 14.b5 Ne7 15.Nb4 f5 
16.Ra1 e4 17.Qc2 Ne5 18.Ra7 c5 19.bxc6 exd3 20.exd3 N7xc6 21.Nxc6 bxc6 22.
Re1 Qb6 23.Ra2 Bf7 24.Ba3 Qd4 25.Rd1 Nxc4 26.dxc4 Qxc3 27.Qxc3 Bxc3 28.Rc2
Be5 29.f4 Bf6 30.Bxd6 Rfd8 31.Rcd2 Rb6 32.c5 Ra6 33.h3 Bc3 34.Rd3 Bb2 35.
Rb1 Ba3 36.Rc3 Rda8 37.Kh2 Kh7 38.Rb7 Kg8 39.Re3 R8a7 40.Rxa7 Rxa7 41.Bxc6
Bxc5 42.Bxc5 Rc7 43.Ra3 1/2-1/2

[Event "30th WCh U20 Girls"]
[Site "Athens GRE"]
[Date "2012.08.13"]
[Round "11"]
[White "Pavlidou, Ekaterini"]
[Black "Vatkali, Dimitra"]
[Result "1-0"]
[WhiteElo "2237"]
[BlackElo "1936"]
[EventDate "2012.08.02"]
[PlyCount "81"]

1.d4 Nf6 2.c4 e6 3.Nc3 Bb4 4.e3 c5 5.Ne2 cxd4 6.exd4 d5 7.c5 Ne4 8.Bd2 
Nxd2 9.Qxd2 b6 10.a3 Bxc3 11.Nxc3 bxc5 12.dxc5 O-O 13.Be2 Ba6 14.O-O Bxe2 
15.Nxe2 Nd7 16.b4 Ne5 17.Rfd1 Rb8 18.Rab1 Nc4 19.Qc1 Qc8 20.Rb3 Qc7 21.Rg3
Qe7 22.Nf4 Rfd8 23.Nh5 f6 24.Rxg7+ Qxg7 25.Nxg7 Kxg7 26.Rd3 Ne5 27.Rh3 Rh8
28.Qh6+ Kf7 29.f4 Ng6 30.f5 exf5 31.Qh5 Ke6 32.Rf3 f4 33.Qh3+ Ke7 34.Rf1 
Rbd8 35.Qf5 Rhf8 36.Re1+ Ne5 37.Qxh7+ Rf7 38.Qf5 d4 39.c6 Kf8 40.c7 Rxc7 
41.Rxe5 1-0

[Event "30th WCh U20 Girls"]
[Site "Athens GRE"]
[Date "2012.08.13"]
[Round "11"]
[White "Batkovskyte, Dominyka"]
[Black "Sargsian, Shushanna"]
[Result "1/2-1/2"]
[WhiteElo "2096"]
[BlackElo "2047"]
[EventDate "2012.08.02"]
[PlyCount "104"]

1.d4 d5 2.c4 c6 3.Nc3 Nf6 4.e3 e6 5.Nf3 Nbd7 6.Bd3 dxc4 7.Bxc4 b5 8.Be2 
Bb7 9.O-O a6 10.e4 b4 11.e5 bxc3 12.exf6 Nxf6 13.bxc3 Be7 14.Ne5 O-O 15.
Rb1 Qc7 16.Bf3 Rab8 17.Nd3 Nd7 18.h3 Bd6 19.Be3 c5 20.Bxb7 cxd4 21.cxd4 
Rxb7 22.Qa4 Nf6 23.Rbc1 Qd7 24.Qxa6 Ra7 25.Qc4 Rfa8 26.Nc5 Qe7 27.Rc2 Nd5 
28.Bd2 h6 29.Rb1 Qc7 30.Rbb2 Rb8 31.Rb5 Rba8 32.Qb3 Ra3 33.Qb1 Qe7 34.Ne4 
R3a7 35.Rcb2 g5 36.Rb7 Qf8 37.R7b5 Ra4 38.Nxd6 Qxd6 39.Rb8+ Rxb8 40.Rxb8+ 
Kg7 41.g3 Rxa2 42.Qxa2 Qxb8 43.Ba5 Qb5 44.Qd2 Qb1+ 45.Kh2 Qe4 46.Bd8 Kg6 
47.Qb2 Qd3 48.Ba5 h5 49.Qd2 Qxd2 50.Bxd2 g4 51.Kg2 Kf5 52.f3 gxf3+ 1/2-1/2

[Event "30th WCh U20 Girls"]
[Site "Athens GRE"]
[Date "2012.08.13"]
[Round "11"]
[White "Galunova, Tsveta"]
[Black "Lefevre, Margaux"]
[Result "1-0"]
[WhiteElo "2091"]
[BlackElo "2043"]
[EventDate "2012.08.02"]
[PlyCount "55"]

1.e4 c5 2.c3 d5 3.exd5 Qxd5 4.d4 Nc6 5.Nf3 Bf5 6.Be2 cxd4 7.cxd4 Bxb1 8.
Rxb1 e6 9.a3 Bd6 10.O-O Nf6 11.b4 O-O 12.Bb2 Rac8 13.Ne5 Bb8 14.Rc1 Qd6 
15.g3 Rfd8 16.Bf3 Nd5 17.Rc5 Nce7 18.Qa4 h6 19.Rfc1 Bc7 20.Bh5 g6 21.Be2 
a6 22.Qb3 f6 23.Nc4 Qd7 24.Nd2 Bb6 25.Rxc8 Rxc8 26.Rxc8+ Qxc8 27.Ne4 Kf7 
28.Nd6+ 1-0

[Event "30th WCh U20 Girls"]
[Site "Athens GRE"]
[Date "2012.08.13"]
[Round "11"]
[White "Cemhan, Kardelen"]
[Black "Pon Krithikha, Namasivayam"]
[Result "1-0"]
[WhiteElo "1938"]
[BlackElo "2119"]
[EventDate "2012.08.02"]
[PlyCount "73"]

1.e4 Nf6 2.e5 Nd5 3.d4 d6 4.c4 Nb6 5.f4 dxe5 6.fxe5 Nc6 7.Be3 Bf5 8.Nc3 e6
9.Nf3 Be7 10.d5 exd5 11.cxd5 Nb4 12.Nd4 Bd7 13.e6 fxe6 14.dxe6 Bc6 15.Qg4 
Bh4+ 16.g3 Bxh1 17.O-O-O Qf6 18.gxh4 O-O 19.Bh3 Nc4 20.Bg5 Qf2 21.Qe2 Rf3 
22.Nxf3 Qxe2 23.Nxe2 Bxf3 24.e7 Nd6 25.Be6+ Kh8 26.Rf1 Nd3+ 27.Kd2 Ne5 28.
Nd4 Ne4+ 29.Ke3 Nxg5 30.hxg5 Re8 31.Nxf3 Ng6 32.Kd2 Rxe7 33.Bb3 h6 34.Bc2 
Nf4 35.Re1 Rd7+ 36.Kc1 Kg8 37.g6 1-0

[Event "30th WCh U20 Girls"]
[Site "Athens GRE"]
[Date "2012.08.13"]
[Round "11"]
[White "Koutsogiannopoulou, Theodora"]
[Black "Imeeva, Aisa"]
[Result "1/2-1/2"]
[WhiteElo "1897"]
[BlackElo "2095"]
[EventDate "2012.08.02"]
[PlyCount "62"]

1.e4 e5 2.Nf3 Nc6 3.Bb5 a6 4.Ba4 Nf6 5.d3 b5 6.Bb3 Bc5 7.O-O d6 8.c3 h6 9.
Re1 O-O 10.h3 Re8 11.Nbd2 d5 12.Qe2 d4 13.Nf1 a5 14.a4 dxc3 15.bxc3 b4 16.
cxb4 Nxb4 17.Bc4 Ba6 18.Rd1 Qd6 19.Ng3 Rad8 20.Nf5 Qb6 21.Be3 Bxc4 22.Bxc5
Qxc5 23.dxc4 Rxd1+ 24.Rxd1 Qc6 25.Nd2 Qxa4 26.Nf1 Qc2 27.Qf3 Qxe4 28.Nxh6+
Kf8 29.Rd7 Re7 30.Rd8+ Re8 31.Rd7 Re7 1/2-1/2

[Event "30th WCh U20 Girls"]
[Site "Athens GRE"]
[Date "2012.08.13"]
[Round "11"]
[White "Frey, Alisa"]
[Black "Liao, Simone"]
[Result "0-1"]
[WhiteElo "2035"]
[BlackElo "1933"]
[EventDate "2012.08.02"]
[PlyCount "66"]

1.e4 e6 2.d4 d5 3.Nc3 Bb4 4.e5 Ne7 5.a3 Bxc3+ 6.bxc3 c5 7.Qg4 Qc7 8.Qxg7 
Rg8 9.Qxh7 cxd4 10.Ne2 Nbc6 11.f4 Bd7 12.Qd3 dxc3 13.Nxc3 a6 14.h4 Nf5 15.
Rh3 O-O-O 16.h5 Na5 17.Rb1 Nc4 18.Rb4 Kb8 19.h6 Rg6 20.h7 Rh8 21.Qf3 a5 
22.Rb1 Bc6 23.Nb5 Bxb5 24.g4 Nd4 25.Qf2 Nxa3 26.Bxa3 Nxc2+ 27.Kd2 Nxa3 28.
Rxa3 Bxf1 29.Rxf1 Rc8 30.Qf3 Rh6 31.Qd3 Rh2+ 32.Ke3 Qc5+ 33.Kf3 Rh3+ 0-1

[Event "30th WCh U20 Girls"]
[Site "Athens GRE"]
[Date "2012.08.13"]
[Round "11"]
[White "Edes, Zsofia"]
[Black "Serefidou, Despina"]
[Result "1/2-1/2"]
[WhiteElo "2081"]
[BlackElo "1865"]
[EventDate "2012.08.02"]
[PlyCount "62"]

1.d4 Nf6 2.c4 e6 3.Nc3 Bb4 4.Qc2 O-O 5.a3 Bxc3+ 6.Qxc3 Ne4 7.Qc2 f5 8.Nh3 
d6 9.f3 Nf6 10.Bg5 e5 11.O-O-O Qe8 12.e3 a5 13.Rg1 c5 14.dxc5 dxc5 15.Bxf6
Rxf6 16.Bd3 Nc6 17.g4 Qf8 18.Ng5 h6 19.h4 hxg5 20.hxg5 Rd6 21.gxf5 Rxd3 
22.Rxd3 Bxf5 23.e4 Bg6 24.Qh2 Rd8 25.Rgd1 Rxd3 26.Rxd3 Qe7 27.Rd5 Bf7 28.
g6 Bxg6 29.Qh3 Be8 30.Kb1 b6 31.Qc8 Kf7 1/2-1/2

[Event "30th WCh U20 Girls"]
[Site "Athens GRE"]
[Date "2012.08.13"]
[Round "11"]
[White "Terzidaki, Alexandra"]
[Black "Chiarion, Elisa"]
[Result "0-1"]
[WhiteElo "1958"]
[BlackElo "1978"]
[EventDate "2012.08.02"]
[PlyCount "62"]

1.e4 c5 2.Nf3 d6 3.d4 cxd4 4.Nxd4 Nf6 5.Nc3 g6 6.Be3 Bg7 7.f3 O-O 8.Qd2 
Nc6 9.Bc4 Bd7 10.O-O-O Qc7 11.Bb3 Na5 12.g4 Rfc8 13.Kb1 Nc4 14.Bxc4 Qxc4 
15.h4 b5 16.h5 b4 17.Nce2 a5 18.hxg6 fxg6 19.Ng3 a4 20.g5 Ne8 21.f4 b3 22.
cxb3 axb3 23.a3 Bxd4 24.Bxd4 Qc2+ 25.Ka1 Rc4 26.Qh2 Qxh2 27.Rxh2 Bg4 28.
Ne2 Rc2 29.Rc1 Ra4 30.Rch1 Bxe2 31.Bc3 Bf3 0-1

[Event "30th WCh U20 Girls"]
[Site "Athens GRE"]
[Date "2012.08.13"]
[Round "11"]
[White "Medeiros, Thauane Ferreira"]
[Black "Kolaric, Spela"]
[Result "0-1"]
[WhiteElo "1855"]
[BlackElo "2071"]
[EventDate "2012.08.02"]
[PlyCount "92"]

1.d4 d5 2.Bg5 c5 3.e3 cxd4 4.Qxd4 Nc6 5.Qd2 f6 6.Bh4 e5 7.Nc3 d4 8.exd4 
Qxd4 9.Nf3 Qxd2+ 10.Nxd2 Bf5 11.Rc1 Bb4 12.Bd3 Bxd3 13.cxd3 Rd8 14.a3 Be7 
15.O-O Rxd3 16.Nf3 Nh6 17.Rfd1 Rxd1+ 18.Rxd1 Nf5 19.Kf1 h5 20.h3 Ncd4 21.
Bg3 Nxf3 22.gxf3 h4 23.Bh2 g5 24.Rd5 Nd6 25.Ne4 Kd7 26.Ke2 Ke6 27.Ra5 a6 
28.Nc5+ Kf7 29.Ne4 Rc8 30.Nxd6+ Bxd6 31.Rd5 Ke6 32.Rd2 b5 33.f4 gxf4 34.f3
Rg8 35.Kf1 Bc5 36.Rc2 Kd5 37.b4 Bd4 38.Rc7 f5 39.Rh7 Rc8 40.Rxh4 Rc1+ 41.
Kg2 Rc2+ 42.Kh1 Rf2 43.Rh6 Rxf3 44.Rxa6 Rxh3 45.Kg2 Rb3 46.a4 f3+ 0-1

[Event "30th WCh U20 Girls"]
[Site "Athens GRE"]
[Date "2012.08.13"]
[Round "11"]
[White "Owens, Megan"]
[Black "Unapkoshvili, Nani"]
[Result "0-1"]
[WhiteElo "1816"]
[BlackElo "2011"]
[EventDate "2012.08.02"]
[PlyCount "84"]

1.c4 e5 2.g3 g6 3.Bg2 Bg7 4.Nc3 Nc6 5.Rb1 d6 6.d3 a5 7.h3 f5 8.Nf3 Nf6 9.
O-O O-O 10.Be3 h6 11.d4 e4 12.Ne1 Kh8 13.Nc2 d5 14.c5 Nh5 15.Bf4 g5 16.Be5
Nxe5 17.dxe5 c6 18.e3 g4 19.Na4 Bxe5 20.Nb6 Ra7 21.Nd4 Ng7 22.Qa4 gxh3 23.
Bxh3 Qg5 24.Nxc8 Rxc8 25.Kg2 Rf8 26.Rh1 f4 27.exf4 Rxf4 28.Ne2 Rf3 29.Qd1 
Ra8 30.Qc1 Qxc1 31.Rhxc1 a4 32.Bg4 Raf8 33.Rf1 h5 34.Bh3 Rd3 35.Rfe1 Rd2 
36.b4 d4 37.Rbd1 Rxd1 38.Rxd1 d3 39.Ng1 Rd8 40.Kf1 Bc3 41.Bg2 Rd4 42.Nh3 
Ne6 0-1

[Event "30th WCh U20 Girls"]
[Site "Athens GRE"]
[Date "2012.08.13"]
[Round "11"]
[White "Dominguez, Gisella"]
[Black "Lolici, Iselin-Amanda"]
[Result "1-0"]
[WhiteElo "1831"]
[BlackElo "1967"]
[EventDate "2012.08.02"]
[PlyCount "61"]

1.e4 c5 2.Nf3 Nc6 3.d4 cxd4 4.Nxd4 Nf6 5.Nc3 g6 6.Nxc6 bxc6 7.e5 Ng8 8.Bc4
Bg7 9.Qf3 f5 10.Bf4 e6 11.O-O-O Qc7 12.Qe3 Rb8 13.Bb3 Rb4 14.g3 g5 15.Bxg5
Bxe5 16.Bxe6 dxe6 17.Rd8+ Kf7 18.Rxc8 Qxc8 19.Qxe5 h6 20.Qxh8 hxg5 21.Qh7+
Kf6 22.Qxa7 Ne7 23.a3 Rb7 24.Qd4+ Kg6 25.h4 g4 26.h5+ Kh7 27.Qf6 Qg8 28.
Re1 Nd5 29.Nxd5 exd5 30.Qxf5+ Kh8 31.Qf6+ 1-0

[Event "30th WCh U20 Girls"]
[Site "Athens GRE"]
[Date "2012.08.13"]
[Round "11"]
[White "Forsa, Elise"]
[Black "Ivekovic, Ana"]
[Result "0-1"]
[WhiteElo "1836"]
[BlackElo "1959"]
[EventDate "2012.08.02"]
[PlyCount "140"]

1.e4 e5 2.Bc4 Nf6 3.d3 Be7 4.Nf3 d6 5.Nbd2 O-O 6.Nf1 Nc6 7.c3 Na5 8.Bb5 a6
9.Ba4 b5 10.Bc2 c5 11.h3 Qc7 12.Ne3 Rd8 13.Qe2 Bf8 14.O-O g6 15.Nh2 Bg7 
16.Nhg4 Be6 17.Nxf6+ Bxf6 18.Re1 Bg7 19.h4 Nc6 20.h5 Ne7 21.hxg6 hxg6 22.
Ng4 Qd7 23.Nh2 f6 24.Be3 Rac8 25.Bb3 c4 26.dxc4 bxc4 27.Bd1 Qc6 28.Qd2 d5 
29.exd5 Bxd5 30.f4 e4 31.Qf2 Kf7 32.Nf1 Rh8 33.Ng3 f5 34.Qd2 Rcd8 35.Ne2 
Qf6 36.Bf2 Rh7 37.Ng3 Qh4 38.Kf1 Qh2 39.Qe3 Bf6 40.Bc2 Qh6 41.Ke2 Rdh8 42.
Rh1 Qf8 43.Rxh7+ Rxh7 44.Qa7 Qc8 45.Ba4 Qb7 46.Qxb7 Bxb7 47.Rh1 Rxh1 48.
Nxh1 Nd5 49.Be3 Bxc3 50.b3 Bb2 51.g3 c3 52.Bd4 Nb4 53.Nf2 Nxa2 54.Nd1 Nc1+
55.Kf1 Bd5 56.b4 Bc4+ 57.Kg2 Nd3 58.Ne3 Bb5 59.Bb3+ Ke8 60.Nc2 Nc1 61.Be6 
Ba4 62.Ne3 Nd3 63.Bc4 c2 64.Nxc2 Bxc2 65.Bxb2 Nxb2 66.Bxa6 Bd3 67.Bb7 Bb5 
68.g4 Ke7 69.Bc8 Kf6 70.g5+ Ke7 0-1

[Event "30th WCh U20 Girls"]
[Site "Athens GRE"]
[Date "2012.08.13"]
[Round "11"]
[White "York-Andersen, Anna"]
[Black "Kalaydina, Regina Veronicka"]
[Result "0-1"]
[WhiteElo "1828"]
[BlackElo "1928"]
[EventDate "2012.08.02"]
[PlyCount "88"]

1.e4 c5 2.c4 Nc6 3.Ne2 e6 4.Nbc3 a6 5.d4 cxd4 6.Nxd4 Nf6 7.Nxc6 bxc6 8.Bg5
Qa5 9.Bxf6 gxf6 10.a3 Qe5 11.Qd2 a5 12.f4 Qd6 13.Rd1 Qxd2+ 14.Rxd2 Bh6 15.
Rf2 d6 16.Bd3 Bg7 17.Kd2 Ke7 18.f5 Bh6+ 19.Kc2 Be3 20.Rf3 Bd4 21.Rhf1 Rg8 
22.g3 Rb8 23.b3 Bd7 24.Ne2 Be5 25.Nf4 Rb7 26.Rb1 Rgb8 27.Rff1 c5 28.a4 Bc6
29.Ne2 h5 30.Nf4 Rg8 31.Nxh5 Rh8 32.g4 Bxh2 33.fxe6 fxe6 34.Nxf6 Be5 35.g5
Rh2+ 36.Kd1 Rh3 37.Kc2 Rb8 38.Ng4 Bd4 39.Nh6 Rh2+ 40.Kd1 Rf8 41.Rxf8 Kxf8 
42.e5 Bf3+ 43.Ke1 Bxe5 44.Rc1 Bg3+ 0-1

[Event "30th WCh U20 Girls"]
[Site "Athens GRE"]
[Date "2012.08.13"]
[Round "11"]
[White "Bucar, Natasa"]
[Black "Tuzi, Bruna"]
[Result "1/2-1/2"]
[WhiteElo "2022"]
[BlackElo "1546"]
[EventDate "2012.08.02"]
[PlyCount "167"]

1.e4 c5 2.Nf3 Nc6 3.d4 cxd4 4.Nxd4 Nf6 5.Nc3 e5 6.Ndb5 d6 7.Bg5 a6 8.Na3 
b5 9.Nd5 Be7 10.Bxf6 Bxf6 11.c3 Bg5 12.Nc2 Rb8 13.g3 O-O 14.Bg2 Ne7 15.h4 
Bh6 16.Ncb4 Bb7 17.O-O Nc8 18.f4 a5 19.Nd3 Bxd5 20.exd5 f6 21.fxe5 fxe5 
22.Rxf8+ Qxf8 23.Qg4 Qe7 24.Rf1 Nb6 25.Bh3 g6 26.Qe6+ Qxe6 27.Bxe6+ Kh8 
28.g4 Be3+ 29.Kg2 g5 30.h5 Bf4 31.Nxf4 exf4 32.b3 Re8 33.h6 Na8 34.Bd7 
Re2+ 35.Kf3 Re3+ 36.Kf2 Nc7 37.c4 bxc4 38.bxc4 Rc3 39.Rb1 Kg8 40.Rb8+ Kf7 
41.Rb7 Rc2+ 42.Ke1 Rxc4 43.Bf5 Kf6 44.Bxh7 Nxd5 45.Bg8 Re4+ 46.Kf2 Ne7 47.
Rb8 Re3 48.Re8 Kg6 49.h7 Kg7 50.h8=Q+ Kxh8 51.Be6+ Kg7 52.Rxe7+ Kf6 53.Ra7
Rxe6 54.Rxa5 Re5 55.Ra8 Ke7 56.a4 Kd7 57.Rf8 Kc6 58.Rb8 Ra5 59.Rg8 Rc5 60.
Rg7 Kb6 61.Rd7 Kc6 62.Rg7 Rd5 63.Rg8 Kb6 64.Ra8 Rd2+ 65.Kf1 Kb7 66.Rg8 Rd5
67.Kf2 Rc5 68.Rg6 Kc7 69.Rg7+ Kb6 70.Rg6 Rd5 71.Rf6 Ka5 72.Rf5 Re5 73.Rf6 
Kxa4 74.Rxd6 Kb5 75.Rd8 Kc4 76.Ra8 Rb5 77.Rc8+ Kd5 78.Rd8+ Ke6 79.Re8+ Kf7
80.Re2 Kf6 81.Ra2 Ke5 82.Re2+ Kd4 83.Rd2+ Kc3 84.Rd6 1/2-1/2

[Event "30th WCh U20 Girls"]
[Site "Athens GRE"]
[Date "2012.08.13"]
[Round "11"]
[White "Psofimi, Milia"]
[Black "Moura, Danielle Sena"]
[Result "0-1"]
[WhiteElo "1437"]
[BlackElo "1876"]
[EventDate "2012.08.02"]
[PlyCount "46"]

1.e4 e6 2.d4 d5 3.e5 c5 4.c3 Qb6 5.Nf3 Nc6 6.Be2 Nge7 7.b3 cxd4 8.cxd4 Nf5
9.Bb2 Bb4+ 10.Kf1 h5 11.a3 Be7 12.Bd3 g6 13.Bxf5 gxf5 14.b4 a5 15.Qa4 Bd7 
16.b5 Nxe5 17.Ke1 Nd3+ 18.Kd2 Nxb2 19.Nc3 Nxa4 20.Nxa4 Qxb5 21.Nc3 Qb2+ 
22.Kd3 Rc8 23.Rac1 Bb5+ 0-1

[Event "30th WCh U20 Girls"]
[Site "Athens GRE"]
[Date "2012.08.14"]
[Round "12"]
[White "Bodnaruk, Anastasia"]
[Black "Arabidze, Meri"]
[Result "1/2-1/2"]
[WhiteElo "2414"]
[BlackElo "2379"]
[EventDate "2012.08.02"]
[PlyCount "143"]

1.e4 c5 2.Nf3 e6 3.Nc3 Nc6 4.d4 cxd4 5.Nxd4 a6 6.Nxc6 bxc6 7.Bd3 d5 8.O-O 
Nf6 9.Re1 Bb7 10.e5 Nd7 11.Na4 c5 12.c4 d4 13.Be4 Bxe4 14.Rxe4 Qc7 15.Qe2 
g6 16.f4 Bg7 17.b4 cxb4 18.Rxd4 Qa5 19.Qc2 Rc8 20.Be3 Nc5 21.Nxc5 Rxc5 22.
Rad1 Rc8 23.Rd6 O-O 24.c5 g5 25.g3 gxf4 26.gxf4 Kh8 27.Qc4 Qa3 28.Qb3 Qa5 
29.Qc4 Qa3 30.Qe2 a5 31.Rd7 b3 32.axb3 Qxb3 33.Qd3 Qa2 34.Rd2 Qa1+ 35.Rd1 
Qa2 36.Qd2 Qb3 37.Kf2 a4 38.Qd3 Qb2+ 39.Qe2 Qb3 40.Rg1 a3 41.Rd3 Qb4 42.
Qa2 Ra8 43.Ra1 f6 44.Rxa3 Rab8 45.Ra4 Qc3 46.Qc4 Qb2+ 47.Qe2 fxe5 48.Qxb2 
Rxb2+ 49.Kg1 exf4 50.Bxf4 Re2 51.R1a3 Bb2 52.Re3 Rc2 53.Bd6 Rg8+ 54.Rg3 
Rxg3+ 55.hxg3 Kg7 56.Kf1 Kf6 57.Rf4+ Kg6 58.Ke1 e5 59.Rf8 Ba3 60.Kd1 Rc4 
61.Bxe5 Rxc5 62.Rg8+ Kf7 63.Rg7+ Ke6 64.Bf4 h5 65.Ke2 Rd5 66.Kf3 Bb2 67.
Rh7 Rd3+ 68.Ke4 Rd4+ 69.Ke3 Rd5 70.Rh6+ Kf7 71.Ra6 Rb5 72.Kf3 1/2-1/2

[Event "30th WCh U20 Girls"]
[Site "Athens GRE"]
[Date "2012.08.14"]
[Round "12"]
[White "Vojinovic, Jovana"]
[Black "Guo Qi"]
[Result "0-1"]
[WhiteElo "2337"]
[BlackElo "2358"]
[EventDate "2012.08.02"]
[PlyCount "100"]

1.d4 d5 2.Bf4 Nf6 3.e3 c5 4.c3 Nc6 5.Nd2 Bf5 6.Ngf3 e6 7.Qb3 Qc8 8.Nh4 Bg6
9.Nxg6 hxg6 10.Be2 Be7 11.Rc1 Nd7 12.Nf3 Nf6 13.Qc2 Qd8 14.Ne5 Nxe5 15.
Bxe5 Bd6 16.Qa4+ Kf8 17.Qb5 Bxe5 18.dxe5 Nd7 19.f4 Qc7 20.e4 g5 21.exd5 
gxf4 22.dxe6 Nxe5 23.exf7 f3 24.gxf3 Nxf7 25.Kd2 a6 26.Qc4 b5 27.Qg4 Rxh2 
28.Rxh2 Rd8+ 29.Ke1 Qxh2 30.Rc2 Qh7 31.Qe4 Qh1+ 32.Kf2 Qh2+ 33.Kf1 Nh6 34.
a4 c4 35.axb5 axb5 36.b3 cxb3 37.Qb4+ Rd6 38.Rd2 Nf5 39.Qc5 Qh1+ 40.Kf2 
Qh4+ 41.Kf1 Qf4 42.Qc8+ Kf7 43.Rxd6 Nxd6 44.Qd7+ Kf6 45.Qd8+ Ke5 46.Qe7+ 
Kd5 47.Qxg7 b2 48.Qg8+ Kc5 49.Qg1+ Kc6 50.Kf2 Ne4+ 0-1

[Event "30th WCh U20 Girls"]
[Site "Athens GRE"]
[Date "2012.08.14"]
[Round "12"]
[White "Cori Tello, Deysi"]
[Black "Aulia, Medina Warda"]
[Result "0-1"]
[WhiteElo "2413"]
[BlackElo "2218"]
[EventDate "2012.08.02"]
[PlyCount "88"]

1.d4 e6 2.c4 Nf6 3.Nf3 b6 4.g3 Bb4+ 5.Nbd2 Ba6 6.Qc2 O-O 7.Bg2 d5 8.O-O c5
9.dxc5 Bxc5 10.a3 Nbd7 11.Qa4 Bb7 12.cxd5 Bxd5 13.b4 Be7 14.Bb2 a5 15.b5 
Nc5 16.Qd1 Nfe4 17.Nxe4 Bxe4 18.Bd4 Qd5 19.Bxc5 Qxc5 20.Qa4 Bc2 21.Qf4 Bf6
22.Rac1 Bb2 23.Rxc2 Qxc2 24.Ng5 h6 25.Bxa8 hxg5 26.Qf3 g4 27.Qg2 Bxa3 28.
e3 Rd8 29.Be4 Qe2 30.h3 Bc5 31.hxg4 Qxg4 32.Bf3 Qc4 33.Qh3 Rd2 34.Qh5 a4 
35.Qe5 Qd3 36.Be4 Qd6 37.Qh5 g6 38.Bxg6 fxg6 39.Qxg6+ Kf8 40.Qh6+ Ke8 41.
Qg6+ Kd7 42.e4 Qf8 43.Qh7+ Kc8 44.Qh3 Kb8 0-1

[Event "30th WCh U20 Girls"]
[Site "Athens GRE"]
[Date "2012.08.14"]
[Round "12"]
[White "Kulon, Klaudia"]
[Black "Goryachkina, Aleksandra"]
[Result "1-0"]
[WhiteElo "2259"]
[BlackElo "2361"]
[EventDate "2012.08.02"]
[PlyCount "101"]

1.e4 c5 2.Nf3 d6 3.d4 cxd4 4.Nxd4 Nf6 5.Nc3 a6 6.Bc4 e6 7.Bb3 Qc7 8.O-O 
Be7 9.Qf3 Nc6 10.Nxc6 Qxc6 11.Re1 b5 12.Qg3 Bb7 13.f3 O-O 14.Bh6 Ne8 15.
Ne2 Qc5+ 16.Kh1 Kh8 17.Bd2 Nf6 18.Bc3 b4 19.Bd4 Qc7 20.c3 e5 21.Bg1 d5 22.
exd5 Bxd5 23.c4 Bb7 24.Nd4 Nd7 25.Nf5 Bf6 26.c5 Nb8 27.Red1 Bc8 28.Nd6 Nc6
29.Bd5 Rb8 30.Ne4 Bd8 31.Bxc6 Qxc6 32.Qxe5 Bc7 33.Nd6 Bb7 34.Qf5 Bxd6 35.
Rxd6 Qc7 36.Rad1 Bc8 37.Qe5 Kg8 38.Bd4 f6 39.Rxf6 Qxe5 40.Rxf8+ Kxf8 41.
Bxe5 Ra8 42.Rd8+ Kf7 43.c6 h5 44.c7 a5 45.Kg1 a4 46.Kf2 b3 47.a3 g6 48.Bc3
Ke7 49.h4 Kf7 50.g4 Ke7 51.Kg3 1-0